Muiscas su cultura ilustrada / (Registro nro. 11405)

000 -CABECERA
campo de control de longitud fija 01054cam a2200313 a 4500
001 - NÚMERO DE CONTROL
campo de control 000083535
005 - FECHA Y HORA DE LA ÚLTIMA TRANSACCIÓN
campo de control 20200120224841.0
008 - DATOS DE LONGITUD FIJA--INFORMACIÓN GENERAL
campo de control de longitud fija 981019d2016 ck a|||gr|||||000 0|spa d
020 ## - NÚMERO INTERNACIONAL ESTÁNDAR DEL LIBRO
Número Internacional Estándar del Libro 9789584808066
041 0# - CÓDIGO DE LENGUA
Código de lengua del texto/banda sonora o título independiente spa
043 ## - CÓDIGO DE ÁREA GEOGRÁFICA
Código de área geográfica s-ck---
082 04 - NÚMERO DE LA CLASIFICACIÓN DECIMAL DEWEY
Número de clasificación 986.104
Número de documento/Ítem H27
Número de edición 21
100 #1 - ENTRADA PRINCIPAL--NOMBRE DE PERSONA
Nombre de persona Hernández, William
245 14 - MENCIÓN DE TÍTULO
Título Muiscas su cultura ilustrada /
Mención de responsabilidad, etc. William Hernández ; ilustraciones: Sandra Hernández [.. et al.]; fotografía, Jimy Calvachi ; mapas, Paula Robayo.
250 ## - MENCIÓN DE EDICIÓN
Mención de edición 1a. ed.
260 ## - PUBLICACIÓN, DISTRIBUCIÓN, ETC.
Lugar de publicación, distribución, etc. [Bogotá] :
Nombre del editor, distribuidor, etc. Hijos del Zipa,
Fecha de publicación, distribución, etc. 2016.
300 ## - DESCRIPCIÓN FÍSICA
Extensión 52 páginas :
Otras características físicas ilustraciones, mapas en color.
504 ## - NOTA DE BIBLIOGRAFÍA, ETC.
Nota de bibliografía, etc. Incluye bibliografía
650 14 - PUNTO DE ACCESO ADICIONAL DE MATERIA--TÉRMINO DE MATERIA
Término de materia o nombre geográfico como elemento de entrada Muiscas
650 24 - PUNTO DE ACCESO ADICIONAL DE MATERIA--TÉRMINO DE MATERIA
Término de materia o nombre geográfico como elemento de entrada Muiscas
Subdivisión general Aspectos culturales
650 14 - PUNTO DE ACCESO ADICIONAL DE MATERIA--TÉRMINO DE MATERIA
Término de materia o nombre geográfico como elemento de entrada Muiscas
Subdivisión general Aspectos socioeconómicos
650 14 - PUNTO DE ACCESO ADICIONAL DE MATERIA--TÉRMINO DE MATERIA
Término de materia o nombre geográfico como elemento de entrada Muiscas
Subdivisión general Vida social y costumbres
650 14 - PUNTO DE ACCESO ADICIONAL DE MATERIA--TÉRMINO DE MATERIA
Término de materia o nombre geográfico como elemento de entrada Muiscas
Subdivisión general Politíca y gobierno
650 14 - PUNTO DE ACCESO ADICIONAL DE MATERIA--TÉRMINO DE MATERIA
Término de materia o nombre geográfico como elemento de entrada Mitología Muisca
650 14 - PUNTO DE ACCESO ADICIONAL DE MATERIA--TÉRMINO DE MATERIA
Término de materia o nombre geográfico como elemento de entrada Indígenas de Colombia
700 1# - PUNTO DE ACCESO ADICIONAL--NOMBRE DE PERSONA
Nombre de persona Hernández, Sandra,
Término indicativo de función/relación ilustrador
700 1# - PUNTO DE ACCESO ADICIONAL--NOMBRE DE PERSONA
Nombre de persona Calvachi, Jimy,
Término indicativo de función/relación fotógrafo
700 1# - PUNTO DE ACCESO ADICIONAL--NOMBRE DE PERSONA
Nombre de persona Robayo, Paula
Existencias
Estado de retiro Estado de pérdida Fuente del sistema de clasificación o colocación Estado dañado No para préstamo Código de colección Localización permanente Ubicación/localización actual Fecha de adquisición Total de préstamos Renovaciones totales Signatura topográfica completa Código de barras Fecha visto por última vez Fecha del último préstamo Número de copia Precio válido a partir de Tipo de ítem Koha Nota pública
          Colección General Biblioteca Pública San Juan Bosco Biblioteca Pública San Juan Bosco 20/01/2020 2 2 986.104 H27 MOS019026 20/11/2024 28/10/2024 ej.1 20/01/2020 Libro Ocho días
          Colección Patrimonial Biblioteca Pública San Juan Bosco Biblioteca Pública San Juan Bosco 20/01/2020     986.104H27 MOS019027 25/09/2024   ej.2 20/01/2020 Libro Ocho días
          Colección General Biblioteca Pública San Juan Bosco Biblioteca Pública San Juan Bosco 20/01/2020 1   986.104H27 MOS019028 25/09/2024 22/07/2021 ej.3 20/01/2020 Libro Ocho días
          Colección Patrimonial Biblioteca Pública San Juan Bosco Biblioteca Pública San Juan Bosco 20/01/2020 2 2 986.104H27 MOS019029 14/06/2024 28/06/2023 ej.4 20/01/2020 Libro Ocho días
          Colección Patrimonial Biblioteca Pública San Juan Bosco Biblioteca Pública San Juan Bosco 20/01/2020 5 3 986.104H27 MOS020109 22/11/2024 23/03/2024 ej.8 20/01/2020 Libro Ocho días
          Colección Patrimonial Biblioteca Pública San Juan Bosco Biblioteca Pública San Juan Bosco 20/01/2020 4   986.104H27 MOS020110 28/06/2022 21/06/2022 ej.9 20/01/2020 Libro Ocho días
          Colección Patrimonial Biblioteca Pública San Juan Bosco Biblioteca Pública San Juan Bosco 20/01/2020 3   986.104H27MOS019030 MOS019030 16/06/2023 04/03/2023 ej.5 20/01/2020 CDROM Ocho días
          Colección General Biblioteca Pública San Juan Bosco Biblioteca Pública San Juan Bosco 20/01/2020     986.104H27MOS019162 MOS019162171004 20/01/2020   ej.6 20/01/2020 CDROM Ocho días
          Colección General Biblioteca Pública San Juan Bosco Biblioteca Pública San Juan Bosco 20/01/2020     986.104H27MOS019163 MOS019163171004 20/01/2020   ej.7 20/01/2020 CDROM Ocho días
          Colección Patrimonial Biblioteca Pública San Juan Bosco Biblioteca Pública San Juan Bosco 20/01/2020 2 1 986.104 H27 MOS501236 14/05/2026 13/05/2026 ej.10 20/01/2020 Libro Ocho días
          Colección Patrimonial Biblioteca Pública San Juan Bosco Biblioteca Pública San Juan Bosco 20/01/2020 2   986.104 H27 MOS501237 30/06/2022 29/06/2022 ej.11 20/01/2020 Libro Ocho días
          Colección Patrimonial Biblioteca Pública San Juan Bosco Biblioteca Pública San Juan Bosco 20/01/2020 6 7 986.104 H27 MOS501238 01/04/2026 07/03/2026 ej.12 20/01/2020 Libro Ocho días
          Colección Patrimonial Biblioteca Pública San Juan Bosco Biblioteca Pública San Juan Bosco 20/01/2020     986.104 H27 MOS501239 29/09/2021   ej.13 20/01/2020 Libro Ocho días
          Colección Patrimonial Sede: La Armonía de Usca Sede: La Armonía de Usca 20/01/2020     986.104 H27 MUS000149 16/02/2021   ej.1 20/01/2020 Libro Ocho días
          Colección Patrimonial Sede: La Armonía de Usca Sede: La Armonía de Usca 20/01/2020     986.104 H27 MUS000150 16/02/2021   ej.2 20/01/2020 Libro Ocho días
          Colección Patrimonial Sede: La Armonía de Usca Sede: La Armonía de Usca 20/01/2020     986.104 H27 MUS000151 16/02/2021   ej.3 20/01/2020 Libro Ocho días

© Todos los derechos reservados para la Biblioteca Pública Municipal San Juan Bosco, 2020
Secretaria de Cultura de Mosquera
Carrera 3 N° 10 Esquina Centro Cultural Barrio El Carmén Teléfono: 8270830 Ext: 34
Funcionando con KOHA
Contacto: Biblioteca Pública Municipal San Juan Bosco/ bibliotecasanjuanbosco@mosquera-cundinamarca.gov.co
Mosquera, Cundinamarca